00979nam a2200229 a 450000100100000000500170001000800410002702000150006804000250008308200210010810000480012924500570017726000970023430000310033159000260036265000280038865000310041691000410044795201190048895201250060799900170073200002453320250120084525.0110131s1998 dr 001 0 spa d a8489953120 aDO-SdBNPbspacBNPHU aRD861.44bA958cu1 aAvilés Blonda, Máximo,d1931-19889791410aCuaderno de la infancia /cMáximo Avilés Blonda. aSanto Domingo :bBanco Central de la República Dominicana. Departamento de Cultura,c1998. a119 p. :bretrs. ;c23 cm. aInventariado, 2018/LP 0aPoesía dominicana966 0aLiteratura dominicana.967 aValidado. Control de calidad MMOLINA 0010718PDaPDbPDcHDd2011-01-31iLF1l0oRD861.44 A958cup24533-10r2020-06-25w2020-06-25yLFPDZNo se presta 0010718PDaPDbPDcHDd2011-01-31iLF1l0oRD861.44 A958cup24533-20r2020-06-25te. 2w2020-06-25yLFPDZNo se presta c24026d24026